[Event "GCT 2021 Croazia"]
[Site "Zagabria"]
[Date "08.07.2021"]
[Round "5R"]
[White "Giri, Anish"]
[Black "Van Foreest, Jorden"]
[Result "1/2-1/2"]
[WhiteTitle ""]
[BlackTitle ""]
[WhiteElo "2776"]
[BlackElo "2688"]
[WhiteFideId "24116068"]
[BlackFideId "1039784"]
[EventDate "2021.07.07"]

1. e4 e5 2. Nf3 Nc6 3. Bb5 Nf6 4. d3 Bc5 5. c3 O-O 6. O-O d5 7. exd5 Qxd5 8. Bc4
Qd8 9. Nbd2 h6 10. b4 Bd6 11. Re1 Re8 12. h3 Be6 13. b5 Na5 14. Bxe6 Rxe6 15.
Qc2 Qd7 16. c4 Rae8 17. Nb3 Nxb3 18. axb3 a6 19. bxa6 bxa6 20. Be3 Bb4 21. Bd2
Bxd2 22. Qxd2 Qd6 23. b4 e4 24. dxe4 Qxd2 25. Nxd2 Nxe4 26. Nb3 Rb8 27. Nd4 Ree8
28. f3 Nd6 29. c5 Rxe1+ 30. Rxe1 Nb5 31. Nc6 Ra8 32. Kf2 Kf8 33. g4 Na7 34. Nxa7
Rxa7 35. Ra1 Ra8 36. b5 a5 37. Ra4 Ke7 38. Ke3 Ke6 39. Kd4 Rd8+ 40. Kc4 Rd1 41.
Rxa5 Rc1+ 42. Kd4 Rd1+ 43. Ke4 Re1+ 44. Kd3 Rc1 45. b6 cxb6 46. cxb6 Rb1 47. Ra6
Kd5 48. Ke3 g5 49. b7 Rxb7 50. Rxh6 Ke5 51. Ra6 Rb5 52. Kd3 Rb3+ 53. Ke2 Rb5 54.
Ke3 f5 55. gxf5 Kxf5 56. Kf2 Rb4 57. Kg3 Rc4 58. Ra5+ Kf6 59. Ra6+ Kf5 60. Ra5+
Kf6 61. Ra6+ 1/2-1/2

[Event "GCT 2021 Croazia"]
[Site "Zagabria"]
[Date "08.07.2021"]
[Round "6R"]
[White "Korobov, Anton"]
[Black "Van Foreest, Jorden"]
[Result "1-0"]
[WhiteTitle ""]
[BlackTitle ""]
[WhiteElo "2683"]
[BlackElo "2688"]
[WhiteFideId "14105730"]
[BlackFideId "1039784"]
[EventDate "2021.07.07"]

1. e4 e5 2. Nc3 Nf6 3. g3 Bc5 4. Bg2 c6 5. Nf3 d5 6. d3 dxe4 7. dxe4 Qxd1+ 8.
Nxd1 Nbd7 9. Nd2 O-O 10. a4 Re8 11. h3 Bf8 12. Ne3 Nc5 13. O-O Be6 14. Re1 Rad8
15. Nec4 Bc8 16. b4 Ne6 17. c3 Rd3 18. Ra3 Red8 19. Bf1 R3d7 20. Ra2 Re7 21. Nf3
Ree8 22. Nfxe5 a5 23. Nxa5 Nc5 24. Nexc6 bxc6 25. bxc5 Rxe4 26. Be3 Bxc5 27.
Nxc6 Rde8 28. Rae2 Ba6 29. Bxc5 Rxe2 30. Bxe2 Rxe2 31. Rxe2 Bxe2 32. Ne7+ Kh8
33. a5 Ne4 34. Bb4 Ng5 35. f4 Ne4 36. Nd5 h5 37. Nc7 Nxg3 38. Kf2 h4 39. a6 1-0

[Event "GCT 2021 Croazia"]
[Site "Zagabria"]
[Date "08.07.2021"]
[Round "6R"]
[White "Vachier-Lagrave, Maxime"]
[Black "Giri, Anish"]
[Result "1/2-1/2"]
[WhiteTitle ""]
[BlackTitle ""]
[WhiteElo "2749"]
[BlackElo "2776"]
[WhiteFideId "623539"]
[BlackFideId "24116068"]
[EventDate "2021.07.07"]

1. e4 e5 2. Nf3 Nf6 3. Nxe5 d6 4. Nf3 Nxe4 5. d3 Nf6 6. d4 g6 7. Bd3 Bg7 8. Qe2+
Qe7 9. Qxe7+ Kxe7 10. O-O Re8 11. a4 Nc6 12. c3 Bg4 13. Nbd2 Bh6 14. a5 a6 15.
h3 Bxf3 16. Nxf3 Bxc1 17. Rfxc1 Kf8 18. Nd2 Nd5 19. g3 f5 20. Bc4 Nf6 21. b4 d5
22. Bd3 Nb8 23. Nb3 Nbd7 24. Nc5 Nxc5 25. bxc5 c6 26. Rab1 Re7 27. Rb2 Rc8 28.
Rcb1 Rcc7 29. Kg2 Kg7 30. c4 dxc4 31. Bxc4 Rcd7 32. Be2 Ne4 33. Bf3 Nc3 34. Rc1
Nb5 35. d5 cxd5 36. c6 bxc6 37. Rxc6 Nd4 38. Rxa6 Nxf3 39. Kxf3 d4 40. Rab6 d3
41. Rd2 Re5 42. a6 Ra5 43. Rb7 Rxb7 44. axb7 Rb5 45. Rxd3 Rxb7 46. h4 h5 47. Re3
Rb4 48. Rd3 Rc4 49. Re3 Rb4 50. Rd3 Rc4 51. Re3 Rb4 52. Rd3 1/2-1/2

[Event "GCT 2021 Croazia"]
[Site "Zagabria"]
[Date "08.07.2021"]
[Round "6R"]
[White "Nepomniachtchi, Ian"]
[Black "Saric, Ivan"]
[Result "0-1"]
[WhiteTitle ""]
[BlackTitle ""]
[WhiteElo "2792"]
[BlackElo "2653"]
[WhiteFideId "4168119"]
[BlackFideId "14508150"]
[EventDate "2021.07.07"]

1. e4 c5 2. Nf3 e6 3. d4 cxd4 4. Nxd4 Nf6 5. Nc3 Nc6 6. Ndb5 d6 7. Bf4 e5 8. Bg5
a6 9. Na3 b5 10. Nd5 Be7 11. Bxf6 Bxf6 12. c3 Bg5 13. Nc2 Ne7 14. Ncb4 O-O 15.
g3 Be6 16. h4 Bh6 17. Bg2 a5 18. Nxe7+ Qxe7 19. Nd5 Qb7 20. g4 Bxd5 21. Qxd5
Qxd5 22. exd5 Bf4 23. Ke2 Rab8 24. a3 g6 25. h5 Kg7 26. Rh3 Rfc8 27. Kd3 Kf6 28.
hxg6 hxg6 29. Rh7 Rc7 30. Be4 Kg5 31. Ke2 b4 32. cxb4 axb4 33. a4 b3 34. Kf3 Rb4
35. a5 Rxe4 36. a6 Rd4 37. a7 e4+ 38. Kg2 Rxa7 39. Rxa7 Rd2 40. Kf1 Rxb2 41. Rb7
Kxg4 42. Rh8 Be5 43. Rhb8 Rb1+ 44. Kg2 b2 45. Rxf7 Rd1 46. Rfb7 Rxd5 47. Rb4 Kf5
48. Rf8+ Ke6 49. Re8+ Kd7 50. Reb8 Rd1 51. R4b7+ Ke6 52. Rxb2 Bxb2 53. Rxb2 d5
54. Rb8 d4 55. Rg8 Kf5 56. Rf8+ Kg5 57. Re8 Kf4 58. Rf8+ Ke5 59. Re8+ Kd5 60.
Rg8 d3 61. Rxg6 d2 62. Rg8 Kc4 63. Rd8 Kc3 0-1

[Event "GCT 2021 Croazia"]
[Site "Zagabria"]
[Date "08.07.2021"]
[Round "6R"]
[White "Mamedyarov, Shakhriyar"]
[Black "Duda, Jan-Krzysztof"]
[Result "0-1"]
[WhiteTitle ""]
[BlackTitle ""]
[WhiteElo "2782"]
[BlackElo "2738"]
[WhiteFideId "13401319"]
[BlackFideId "1170546"]
[EventDate "2021.07.07"]

1. d4 Nf6 2. c4 e6 3. Nc3 d5 4. cxd5 exd5 5. Bg5 c6 6. Qc2 h6 7. Bh4 Be7 8. e3
O-O 9. Bd3 Re8 10. Nge2 Nh5 11. Bxe7 Qxe7 12. h3 Nf6 13. O-O-O a5 14. g4 b5 15.
Ng3 Na6 16. Bf5 g6 17. Bxc8 Raxc8 18. Kb1 a4 19. h4 Nxg4 20. h5 g5 21. e4 dxe4
22. Ncxe4 Nb4 23. Qd2 Nd5 24. Rhe1 Qd7 25. a3 f5 26. Nc5 Qh7 27. Ka1 Ngf6 28.
Qd3 f4 29. Nf5 Ng4 30. Nd6 Qxd3 31. Nxd3 Rxe1 32. Rxe1 Rf8 33. Re6 Rf6 34. Re8+
Rf8 35. Re6 f3 36. Ne5 Nxe5 37. dxe5 Nf4 38. Re7 g4 39. Ne4 Nxh5 40. Rd7 g3 0-1

[Event "GCT 2021 Croazia"]
[Site "Zagabria"]
[Date "08.07.2021"]
[Round "6R"]
[White "Anand, Viswanathan"]
[Black "Grischuk, Alexander"]
[Result "1/2-1/2"]
[WhiteTitle ""]
[BlackTitle ""]
[WhiteElo "2753"]
[BlackElo "2778"]
[WhiteFideId "5000017"]
[BlackFideId "4126025"]
[EventDate "2021.07.07"]

1. e4 e5 2. Nf3 Nc6 3. Bb5 Nf6 4. O-O Nxe4 5. Re1 Nd6 6. Nxe5 Be7 7. Bf1 Nxe5 8.
Rxe5 O-O 9. d4 Bf6 10. Re1 Re8 11. c3 Rxe1 12. Qxe1 Ne8 13. Bf4 d5 14. Bd3 g6
15. Nd2 Ng7 16. h3 c6 17. Nf3 Bf5 18. Bxf5 Nxf5 19. Qe2 Ng7 20. Re1 Qa5 21. Ne5
Re8 22. Nd7 Rxe2 23. Nxf6+ Kh8 24. Rxe2 Ne6 25. Be5 Qxa2 26. Nxd5+ Kg8 27. Nf6+
Kf8 28. Nxh7+ Ke7 29. f3 a5 30. Nf6 a4 31. Kf2 Nf4 32. Bxf4+ Kxf6 33. Bd6 g5 34.
Ba3 Kg6 35. Re7 Qb3 36. Re2 Qd1 37. Re1 Qd2+ 38. Re2 Qd1 39. Re1 Qd2+ 40. Re2
Qd1 1/2-1/2

[Event "GCT 2021 Croazia"]
[Site "Zagabria"]
[Date "09.07.2021"]
[Round "7R"]
[White "Grischuk, Alexander"]
[Black "Korobov, Anton"]
[Result "1/2-1/2"]
[WhiteTitle ""]
[BlackTitle ""]
[WhiteElo "2778"]
[BlackElo "2683"]
[WhiteFideId "4126025"]
[BlackFideId "14105730"]
[EventDate "2021.07.07"]

1. d4 d5 2. c4 c6 3. Nf3 Nf6 4. Nc3 e6 5. e3 Nbd7 6. Bd3 dxc4 7. Bxc4 b5 8. Bd3
Bb7 9. O-O a6 10. e4 c5 11. e5 Nd5 12. Ng5 Be7 13. Qh5 g6 14. Qh6 Nxc3 15. bxc3
cxd4 16. Nxe6 fxe6 17. Bxg6+ hxg6 18. Qxg6+ Kf8 19. Bh6+ Rxh6 20. Qxh6+ Kf7 21.
Qh7+ Kf8 22. Qh6+ Kf7 23. Qh7+ Kf8 24. Qh6+ Kf7 1/2-1/2

[Event "GCT 2021 Croazia"]
[Site "Zagabria"]
[Date "09.07.2021"]
[Round "7R"]
[White "Duda, Jan-Krzysztof"]
[Black "Anand, Viswanathan"]
[Result "1/2-1/2"]
[WhiteTitle ""]
[BlackTitle ""]
[WhiteElo "2738"]
[BlackElo "2753"]
[WhiteFideId "1170546"]
[BlackFideId "5000017"]
[EventDate "2021.07.07"]

1. e4 e5 2. Nf3 Nc6 3. Bb5 Nf6 4. d3 Bc5 5. c3 O-O 6. O-O d5 7. exd5 Qxd5 8. Bc4
Qd8 9. b4 Be7 10. Nbd2 Bf5 11. Qc2 a6 12. a4 Qd7 13. Ba3 Bd6 14. Rfe1 b5 15. Bb3
Rab8 16. h3 h6 17. Re3 Rfe8 18. Ne4 Nxe4 19. dxe4 Be6 20. Rd3 Bxb3 21. Qxb3 Qe6
22. Qxe6 Rxe6 23. Bc1 Ree8 24. axb5 axb5 25. Ra6 Ne7 26. Rd2 f5 27. Rda2 fxe4
28. Nd2 e3 29. fxe3 Nd5 30. Ne4 Bxb4 31. cxb4 Nxb4 32. Bd2 Nxa6 33. Rxa6 b4 34.
Ra1 Rec8 35. Kf2 c5 36. Rb1 Rc6 37. Ke2 Kf7 38. Rc1 c4 39. Rxc4 Rxc4 40. Nd6+
Ke6 41. Nxc4 Kd5 42. Nb2 e4 43. Kd1 b3 44. Bc3 g5 45. Ke2 Ra8 46. Kd2 h5 47. g4
h4 48. Nd1 Rf8 49. Ke2 Rf3 50. Nf2 Rg3 51. Bf6 Rg1 52. Nd1 Rh1 53. Nc3+ Ke6 54.
Nxe4 Rxh3 55. Bd4 Rh2+ 56. Kf3 b2 57. Nxg5+ Kd5 58. Bxb2 Rxb2 59. Kf4 Rg2 60.
e4+ Kd6 61. Kf5 Ke7 62. e5 Ra2 63. Kf4 Ra4+ 64. Kf3 Ra3+ 65. Kf4 h3 66. Nf3 Ke6
67. Ng5+ Ke7 68. Nf3 Kf7 69. g5 Ke7 70. g6 Ra2 71. Kg3 Rg2+ 72. Kxh3 Rxg6 73.
Nd4 Re6 74. Nxe6 Kxe6 75. Kg4 Kxe5 1/2-1/2

[Event "GCT 2021 Croazia"]
[Site "Zagabria"]
[Date "09.07.2021"]
[Round "7R"]
[White "Saric, Ivan"]
[Black "Mamedyarov, Shakhriyar"]
[Result "1/2-1/2"]
[WhiteTitle ""]
[BlackTitle ""]
[WhiteElo "2653"]
[BlackElo "2782"]
[WhiteFideId "14508150"]
[BlackFideId "13401319"]
[EventDate "2021.07.07"]

1. e4 e5 2. Nf3 Nc6 3. Bb5 a6 4. Ba4 Nf6 5. O-O Nxe4 6. d4 b5 7. Bb3 d5 8. dxe5
Be6 9. Nbd2 Nc5 10. c3 d4 11. Bxe6 Nxe6 12. cxd4 Ncxd4 13. a4 Rb8 14. axb5 axb5
15. Nb3 Nxb3 16. Qxb3 Be7 17. Be3 O-O 18. Qc2 c5 19. Ra7 Ra8 20. Rb7 Rb8 21. Ra7
Ra8 22. Rb7 Rb8 23. Ra7 Ra8 1/2-1/2

[Event "GCT 2021 Croazia"]
[Site "Zagabria"]
[Date "09.07.2021"]
[Round "7R"]
[White "Giri, Anish"]
[Black "Nepomniachtchi, Ian"]
[Result "1/2-1/2"]
[WhiteTitle ""]
[BlackTitle ""]
[WhiteElo "2776"]
[BlackElo "2792"]
[WhiteFideId "24116068"]
[BlackFideId "4168119"]
[EventDate "2021.07.07"]

1. d4 Nf6 2. c4 e6 3. Nf3 d5 4. g3 Be7 5. Bg2 O-O 6. O-O dxc4 7. Qc2 a6 8. a4
Bd7 9. Qxc4 Bc6 10. Bg5 h6 11. Bxf6 Bxf6 12. Rd1 a5 13. Nc3 Na6 14. e4 Nb4 15.
h4 Qb8 16. e5 Be7 17. Ne1 Rd8 18. d5 exd5 19. Nxd5 Nxd5 20. Bxd5 Bxd5 21. Rxd5
c6 22. Rxd8+ Qxd8 23. e6 Qd5 24. Qxd5 cxd5 25. exf7+ Kxf7 26. Rc1 Bd6 27. Nf3
Rd8 28. Kg2 Kf6 29. Rc3 Rd7 30. Nd4 Ke5 31. Nf3+ Kf6 32. Nd4 Ke5 33. Nf3+ Kf6 1/2-1/2

[Event "GCT 2021 Croazia"]
[Site "Zagabria"]
[Date "09.07.2021"]
[Round "7R"]
[White "Van Foreest, Jorden"]
[Black "Vachier-Lagrave, Maxime"]
[Result "1/2-1/2"]
[WhiteTitle ""]
[BlackTitle ""]
[WhiteElo "2688"]
[BlackElo "2749"]
[WhiteFideId "1039784"]
[BlackFideId "623539"]
[EventDate "2021.07.07"]

1. e4 c5 2. Nf3 d6 3. d4 cxd4 4. Nxd4 Nf6 5. Nc3 a6 6. Nb3 g6 7. f3 Bg7 8. Be3
Nbd7 9. Qd2 h5 10. h3 b5 11. a4 b4 12. Na2 a5 13. c3 bxc3 14. Nxc3 O-O 15. Bb5
Bb7 16. O-O Qb8 17. Rac1 Rd8 18. Rfd1 Rc8 19. Ne2 Rxc1 20. Rxc1 Qd8 21. Ned4 Ne5
22. Qe1 d5 23. Nc5 Rb8 24. Bf4 Nfd7 25. Nxb7 Rxb7 26. exd5 Nd3 27. Nc6 Qb6+ 28.
Be3 Qxb5 29. Nxe7+ Kh7 30. axb5 Nxe1 31. Rxe1 Rxb5 32. Bc1 a4 33. Re4 a3 34.
bxa3 Rb1 35. Re1 Bc3 36. Rf1 Bd4+ 37. Kh2 Bc5 38. Nc6 Bxa3 39. Bxa3 Rxf1 40. Be7
Rd1 41. d6 Kg7 42. g4 hxg4 43. hxg4 Nb6 44. g5 Nc8 45. Nd4 Nxe7 46. dxe7 Re1 47.
Nc6 f6 48. f4 f5 49. Kg3 Kf7 50. Kf2 Re4 51. Ne5+ Kxe7 52. Nxg6+ Kf7 53. Ne5+
Ke6 54. Kf3 Ra4 55. g6 Ra3+ 56. Kf2 Kf6 57. Kg2 Kg7 58. Kf2 Kh6 59. Ke2 Ra4 60.
Kf3 Rd4 61. Ke3 Rd5 62. Nc6 Rd7 63. Ne5 Rd1 64. Ke2 Rd5 65. Kf3 Rb5 66. Ke3 Rb4
67. Kf3 Rb3+ 68. Kf2 Rb4 69. Kf3 Rb3+ 70. Kf2 Rb4 1/2-1/2

[Event "GCT 2021 Croazia"]
[Site "Zagabria"]
[Date "09.07.2021"]
[Round "8R"]
[White "Korobov, Anton"]
[Black "Vachier-Lagrave, Maxime"]
[Result "1/2-1/2"]
[WhiteTitle ""]
[BlackTitle ""]
[WhiteElo "2683"]
[BlackElo "2749"]
[WhiteFideId "14105730"]
[BlackFideId "623539"]
[EventDate "2021.07.07"]

1. e4 c5 2. Nf3 d6 3. d4 cxd4 4. Nxd4 Nf6 5. Nc3 a6 6. Be2 e5 7. Nb3 Be6 8. O-O
Be7 9. Re1 O-O 10. Be3 Nbd7 11. a4 Qb8 12. a5 Rc8 13. Nd5 Bd8 14. Bd3 b5 15.
axb6 Bxd5 16. exd5 Bxb6 17. Rxa6 Rxa6 18. Bxa6 Rc7 19. c4 Bxe3 20. Rxe3 Nb6 21.
Qf1 Ra7 22. Bb5 Ra2 23. Qb1 Ra7 24. Qf1 Ra2 25. h3 h6 26. Qb1 Ra7 27. Qd3 g6 28.
Nd2 Kg7 29. Ne4 Nxe4 30. Rxe4 Nd7 31. Bxd7 Rxd7 32. b3 Rb7 33. Re3 Qa7 34. Kh2
Qa1 35. Qc3 Qxc3 36. Rxc3 f5 37. g4 Kf6 38. Kg3 h5 39. f4 exf4+ 40. Kxf4 g5+ 41.
Kf3 fxg4+ 42. hxg4 h4 43. Ke4 Re7+ 44. Kd4 Re1 45. c5 Rd1+ 46. Kc4 dxc5 47. Re3
Rd4+ 48. Kxc5 Rxg4 49. d6 Rg1 50. Rd3 Rg3 51. Rxg3 hxg3 52. Kc6 g2 53. d7 g1=Q
54. d8=Q+ Kf5 55. Qd5+ Kf6 56. Qd8+ Kf5 57. Qd5+ Kf6 58. Qd8+ 1/2-1/2

[Event "GCT 2021 Croazia"]
[Site "Zagabria"]
[Date "09.07.2021"]
[Round "8R"]
[White "Nepomniachtchi, Ian"]
[Black "Van Foreest, Jorden"]
[Result "1/2-1/2"]
[WhiteTitle ""]
[BlackTitle ""]
[WhiteElo "2792"]
[BlackElo "2688"]
[WhiteFideId "4168119"]
[BlackFideId "1039784"]
[EventDate "2021.07.07"]

1. c4 c6 2. d4 d5 3. cxd5 cxd5 4. Bf4 Nc6 5. e3 Nf6 6. Nc3 Bg4 7. f3 Bd7 8. Bd3
e6 9. Bg5 Be7 10. f4 O-O 11. Nf3 Ne8 12. a3 Rc8 13. Rc1 f6 14. Bh4 Nd6 15. Qc2
g6 16. O-O b5 17. Bxg6 hxg6 18. Qxg6+ Kh8 19. Qh6+ Kg8 20. Qg6+ Kh8 21. Ng5 fxg5
22. Qh6+ Kg8 23. Qg6+ Kh8 24. Qh6+ Kg8 25. Qg6+ Kh8 1/2-1/2

[Event "GCT 2021 Croazia"]
[Site "Zagabria"]
[Date "09.07.2021"]
[Round "8R"]
[White "Mamedyarov, Shakhriyar"]
[Black "Giri, Anish"]
[Result "1/2-1/2"]
[WhiteTitle ""]
[BlackTitle ""]
[WhiteElo "2782"]
[BlackElo "2776"]
[WhiteFideId "13401319"]
[BlackFideId "24116068"]
[EventDate "2021.07.07"]

1. d4 Nf6 2. c4 g6 3. Nc3 d5 4. cxd5 Nxd5 5. e4 Nxc3 6. bxc3 Bg7 7. Nf3 c5 8.
Be3 Qa5 9. Nd2 O-O 10. Be2 Bd7 11. O-O Ba4 12. Nb3 Qxc3 13. Rc1 Qb2 14. Rc2 Bxb3
15. axb3 Qxb3 16. Rxc5 Qxd1 17. Rxd1 a5 18. Rc7 a4 19. Rxe7 a3 20. Rxb7 Nc6 21.
e5 a2 22. Ra1 Nxe5 23. Rb2 Nc6 24. Rbxa2 Nxd4 25. Bxd4 Rxa2 26. Rxa2 Bxd4 27.
Bf3 Rc8 28. Ra8 Rxa8 29. Bxa8 Bc5 30. Bb7 Bd4 31. Ba8 Bc5 32. Bb7 Bd4 33. Ba8 1/2-1/2

[Event "GCT 2021 Croazia"]
[Site "Zagabria"]
[Date "09.07.2021"]
[Round "8R"]
[White "Anand, Viswanathan"]
[Black "Saric, Ivan"]
[Result "1/2-1/2"]
[WhiteTitle ""]
[BlackTitle ""]
[WhiteElo "2753"]
[BlackElo "2653"]
[WhiteFideId "5000017"]
[BlackFideId "14508150"]
[EventDate "2021.07.07"]

1. e4 c5 2. Nf3 e6 3. d4 cxd4 4. Nxd4 Nf6 5. Nc3 Nc6 6. a3 Be7 7. Nxc6 bxc6 8.
e5 Nd5 9. Qg4 g6 10. Bd2 Rb8 11. Bd3 Qc7 12. Nxd5 exd5 13. O-O O-O 14. Qd4 Bb7
15. b4 c5 16. bxc5 Bxc5 17. Qf4 Rfe8 18. Bb4 a5 19. Bxc5 Qxc5 20. Rab1 Qc7 21.
Qd4 Bc6 22. f4 d6 23. Rxb8 Qxb8 24. Re1 dxe5 25. fxe5 Re6 26. c4 Qa8 27. Re2 Re8
28. h3 dxc4 29. Bxc4 Rd8 30. Qb6 Rd1+ 31. Kh2 Bd5 32. Bxd5 Qxd5 33. e6 fxe6 34.
Rxe6 Kf7 35. Re2 Qd6+ 36. Qxd6 Rxd6 37. Re5 a4 38. Re4 Ra6 39. Rb4 Ke6 40. Kg3
Kf5 41. Kf3 h5 42. Kg3 Ra5 43. Kh4 Kf6 44. Kg3 Kg5 45. Kh2 Kf5 46. Kg3 Kg5 47.
Kh2 Kf5 48. Kg3 1/2-1/2

[Event "GCT 2021 Croazia"]
[Site "Zagabria"]
[Date "09.07.2021"]
[Round "8R"]
[White "Grischuk, Alexander"]
[Black "Duda, Jan-Krzysztof"]
[Result "1/2-1/2"]
[WhiteTitle ""]
[BlackTitle ""]
[WhiteElo "2778"]
[BlackElo "2738"]
[WhiteFideId "4126025"]
[BlackFideId "1170546"]
[EventDate "2021.07.07"]

1. e4 c5 2. Nf3 d6 3. d4 cxd4 4. Nxd4 Nf6 5. Nc3 a6 6. f3 e5 7. Nb3 Be6 8. Be3
h5 9. Be2 Nbd7 10. f4 Ng4 11. Bxg4 Bxg4 12. Qd2 Be7 13. f5 h4 14. h3 Bh5 15. Nd5
Nf6 16. Bb6 Qc8 17. Nxf6+ Bxf6 18. Na5 d5 19. Qxd5 Qxc2 20. O-O O-O 21. Rf2 Qa4
22. b3 Qb5 23. Nc4 Bg5 24. Qxb5 axb5 25. Ne3 Ra6 26. Nd5 f6 27. Be3 Bxe3 28.
Nxe3 Rd8 29. Re1 Rd3 30. Rc2 Kh7 31. Nd5 Rc6 32. Rec1 Rd1+ 33. Rxd1 Rxc2 34. Rd3
Rxa2 35. Nc7 Rc2 36. Rd7 Rc3 37. Ne6 Rg3 38. Kf2 Be8 39. Rd8 Bc6 40. Nf8+ Kh6
41. Ne6 Kh7 42. Nf8+ Kh6 43. Ne6 Kh7 44. Nf8+ 1/2-1/2

[Event "GCT 2021 Croazia"]
[Site "Zagabria"]
[Date "09.07.2021"]
[Round "9R"]
[White "Duda, Jan-Krzysztof"]
[Black "Korobov, Anton"]
[Result "1-0"]
[WhiteTitle ""]
[BlackTitle ""]
[WhiteElo "2738"]
[BlackElo "2683"]
[WhiteFideId "1170546"]
[BlackFideId "14105730"]
[EventDate "2021.07.07"]

1. c4 Nf6 2. Nc3 g6 3. d4 Bg7 4. e4 d6 5. f3 O-O 6. Be3 Nc6 7. Nge2 a6 8. Qd2
Re8 9. O-O-O b5 10. g4 Rb8 11. Bh6 Bh8 12. h4 e5 13. Be3 Na5 14. Ng3 exd4 15.
Bxd4 c5 16. Bxc5 Bxg4 17. Qf4 b4 18. Nb1 Qc8 19. fxg4 Qxc5 20. b3 Rbd8 21. g5 d5
22. gxf6 dxc4 23. Bxc4 Nxc4 24. bxc4 Qxc4+ 25. Kb2 b3 26. Nc3 bxa2 27. Nge2 Rb8+
28. Ka1 Rb6 29. e5 Qb3 30. Rd2 Rbe6 31. h5 Qb7 32. Rhd1 Qc7 33. hxg6 hxg6 34.
Rh1 Bxf6 35. exf6 Qxf4 36. Nxf4 Rxf6 37. Rdh2 1-0

[Event "GCT 2021 Croazia"]
[Site "Zagabria"]
[Date "09.07.2021"]
[Round "9R"]
[White "Saric, Ivan"]
[Black "Grischuk, Alexander"]
[Result "1/2-1/2"]
[WhiteTitle ""]
[BlackTitle ""]
[WhiteElo "2653"]
[BlackElo "2778"]
[WhiteFideId "14508150"]
[BlackFideId "4126025"]
[EventDate "2021.07.07"]

1. e4 e5 2. Nf3 Nc6 3. Bb5 Nf6 4. d3 Bc5 5. Bxc6 dxc6 6. Nbd2 Be6 7. O-O Qd6 8.
b3 a5 9. a4 b6 10. Bb2 Nd7 11. Qe2 f6 12. Rfd1 O-O 13. Nf1 Rfe8 14. Ng3 Qe7 15.
d4 exd4 16. Nxd4 Bxd4 17. Rxd4 c5 18. Rd3 c4 19. Re3 Rad8 20. Re1 cxb3 21. cxb3
Ne5 22. h3 c5 23. Nf5 Qf7 24. Qb5 Qc7 25. Bxe5 fxe5 26. Rg3 g6 27. Ne3 Rf8 28.
Nd5 Bxd5 29. exd5 Rxd5 30. Qc4 Rd8 31. h4 Kg7 32. Qe2 Qd6 33. Re3 Rd2 34. Qg4
Rf8 35. f3 Rf5 36. Qg3 Rd5 37. Re4 h5 38. R1e3 Qf6 39. Qe1 Qd6 40. Qg3 Qf6 41.
Qe1 Qd8 42. Qc3 Qf6 43. Qe1 1/2-1/2

[Event "GCT 2021 Croazia"]
[Site "Zagabria"]
[Date "09.07.2021"]
[Round "9R"]
[White "Giri, Anish"]
[Black "Anand, Viswanathan"]
[Result "1-0"]
[WhiteTitle ""]
[BlackTitle ""]
[WhiteElo "2776"]
[BlackElo "2753"]
[WhiteFideId "24116068"]
[BlackFideId "5000017"]
[EventDate "2021.07.07"]

1. Nf3 d5 2. d4 Nf6 3. c4 e6 4. g3 Bb4+ 5. Bd2 Be7 6. Bg2 O-O 7. O-O Nbd7 8. Qc2
c6 9. Bf4 b6 10. Nbd2 Nh5 11. e3 Nxf4 12. exf4 Bb7 13. cxd5 cxd5 14. Rfc1 Bd6
15. Bf1 Nf6 16. Bd3 Qe7 17. Re1 Rac8 18. Qd1 Qd8 19. Qe2 Rc7 20. a3 g6 21. Ne5
Qe7 22. h4 Rfc8 23. Rad1 Qf8 24. Qf3 Nh5 25. Nf1 Ng7 26. Ne3 Nf5 27. Bxf5 exf5
28. Nxd5 Bxa3 29. Nf6+ Kg7 30. Qxa3 Qxa3 31. bxa3 Kxf6 32. d5 Kg7 33. d6 Rc3 34.
Nxf7 Kxf7 35. Re7+ Kf6 36. Rxb7 Rc1 37. Rxc1 Rxc1+ 38. Kg2 h5 39. Rxa7 Rc6 40.
d7 Ke7 41. Rb7 Kd8 42. a4 Re6 43. Kf1 Ke7 44. f3 Kd8 45. Kf2 Rc6 46. g4 fxg4 47.
fxg4 Rc4 48. gxh5 gxh5 49. Ke3 Rxa4 50. f5 Ra1 51. Ke4 1-0

[Event "GCT 2021 Croazia"]
[Site "Zagabria"]
[Date "09.07.2021"]
[Round "9R"]
[White "Van Foreest, Jorden"]
[Black "Mamedyarov, Shakhriyar"]
[Result "0-1"]
[WhiteTitle ""]
[BlackTitle ""]
[WhiteElo "2688"]
[BlackElo "2782"]
[WhiteFideId "1039784"]
[BlackFideId "13401319"]
[EventDate "2021.07.07"]

1. e4 e5 2. Nf3 Nc6 3. Bb5 a6 4. Ba4 Nf6 5. O-O Nxe4 6. d4 b5 7. Bb3 d5 8. dxe5
Be6 9. c3 Bc5 10. Nbd2 O-O 11. Bc2 Nxf2 12. Rxf2 f6 13. Nf1 Bxf2+ 14. Kxf2 fxe5
15. Kg1 Bg4 16. Bg5 Bxf3 17. Qd2 Qd6 18. gxf3 e4 19. fxe4 Ne5 20. Kh1 Nf3 21.
Qg2 Rae8 22. Be3 c5 23. Ng3 d4 24. Rd1 Kh8 25. cxd4 cxd4 26. Bg1 Nxg1 27. Qxg1
Qf4 28. Qg2 Rc8 29. Qe2 Qe3 30. Bb3 Rf2 31. Qxe3 dxe3 32. e5 g6 33. e6 a5 34.
Kg1 Kg7 35. Ne4 Rf4 36. Nd6 Rc5 37. h4 Re5 38. Nf7 Rg4+ 39. Kh2 Ree4 40. Rd7
Rxh4+ 41. Kg3 Rhg4+ 42. Kf3 Kf6 43. Nd6 e2 44. Rf7+ Kg5 45. Nxe4+ Rxe4 46. Kxe4
e1=Q+ 47. Kd4 Qb4+ 48. Ke5 a4 49. Bd5 Qxb2+ 50. Kd6 Qh2+ 51. Kc6 b4 52. Ra7 Qb8
53. Rb7 Qa8 54. e7 b3 55. Kd7 bxa2 56. Rb5 Qa7+ 57. Bb7+ Kh6 58. e8=Q a1=Q 59.
Qe6 Qg7+ 60. Kc6 Qc3+ 61. Kd7 Qad4+ 62. Bd5 Qg7+ 63. Ke8 Qce5 0-1

[Event "GCT 2021 Croazia"]
[Site "Zagabria"]
[Date "09.07.2021"]
[Round "9R"]
[White "Vachier-Lagrave, Maxime"]
[Black "Nepomniachtchi, Ian"]
[Result "1/2-1/2"]
[WhiteTitle ""]
[BlackTitle ""]
[WhiteElo "2749"]
[BlackElo "2792"]
[WhiteFideId "623539"]
[BlackFideId "4168119"]
[EventDate "2021.07.07"]

1. e4 c5 2. Nf3 e6 3. d4 cxd4 4. Nxd4 Nc6 5. Nc3 a6 6. Nxc6 bxc6 7. Qd3 d5 8.
Qg3 h5 9. h4 d4 10. Nb1 Nf6 11. e5 Ne4 12. Qf3 Qd5 13. Bd3 Bb4+ 14. Kf1 f5 15.
exf6 Nxf6 16. c3 Bc5 17. Bg6+ Kd8 18. Nd2 dxc3 19. bxc3 e5 20. c4 Qxf3 21. gxf3
Be6 22. Kg2 Rb8 23. Nb3 Bd6 24. Rd1 Ke7 25. Bd3 Kf7 26. Bg5 Bb4 27. Nd2 Rhd8 28.
Ne4 Be7 29. Ng3 Bc5 30. Ne4 Nxe4 31. fxe4 Be7 32. Be3 Bxh4 33. c5 a5 34. Be2 g6
35. Rdb1 Rb4 36. Rxb4 axb4 37. a4 bxa3 38. Rxa3 Kf6 39. Ra6 Rc8 40. f4 exf4 41.
Bxf4 g5 42. Bd6 g4 43. Ra7 Kg6 44. Ba6 Rh8 45. Rc7 Bd8 46. Rxc6 Bd7 47. Rb6 Bxb6
48. cxb6 Bc6 49. b7 Bxe4+ 50. Kg3 Bxb7 51. Bxb7 Kg5 52. Be7+ Kf5 53. Kh4 Rh7 54.
Bc8+ Kf4 55. Bd6+ Kf3 56. Be6 Ke4 57. Bg3 Rh8 58. Bd7 Rh7 59. Be6 Rh8 60. Bd7
Rh7 61. Be6 1/2-1/2